| 000 -CABECERA |
| Longitud fija campo de control |
00910nam a22002537a 4500 |
| 001 - NÚMERO DE CONTROL |
| Número de control |
991010927339706706 |
| 003 - IDENTIFICADOR DEL NÚMERO DE CONTROL |
| Identificador del número de control |
OSt |
| 005 - FECHA Y HORA DE LA ÚLTIMA TRANSACCIÓN |
| Fecha y hora de la última transacción |
20230419114459.0 |
| 008 - CÓDIGOS DE INFORMACIÓN DE LONGITUD FIJA |
| Códigos de información de longitud fija |
941216s1965 spc|||||| |00| ||spa|c |
| 035 ## - NÚMERO DE CONTROL DEL SISTEMA |
| Número de control del sistema |
(ES-BaCBU).b12620488 |
| 035 ## - NÚMERO DE CONTROL DEL SISTEMA |
| Número de control del sistema |
(OCoLC)803392345 |
| 040 ## - FUENTE DE LA CATALOGACIÓN |
| Centro catalogador de origen |
ES-BaCBU |
| Lengua de catalogación |
cat |
| Centro transcriptor |
CDMR |
| 100 1# - PUNTO DE ACCESO PRINCIPAL-NOMBRE DE PERSONA |
| Nombre de persona |
Maduell, Àlvar |
| 9 (RLIN) |
213 |
| 245 13 - MENCIÓN DE TÍTULO |
| Título |
La Orientación estatal de la prensa en el pensamiento de Gabriel Arias-Salgado / |
| Mención de responsabilidad, etc. |
Alvar Maduell |
| 260 ## - PUBLICACIÓN, DISTRIBUCIÓN, ETC. (PIE DE IMPRENTA) |
| Lugar de publicación, distribución, etc. |
Barcelona : |
| Nombre del editor, distribuidor, etc. |
[s.n.], |
| Fecha de publicación, distribución, etc. |
1965 |
| Lugar de fabricación |
(Tarrasa : |
| Fabricante |
Gráficas Palomé) |
| 300 ## - DESCRIPCIÓN FÍSICA |
| Extensión |
28 f. ; |
| Dimensiones |
24 cm |
| 504 ## - NOTA DE BIBLIOGRAFÍA, ETC |
| Nota de bibliografía, etc. |
Inclou referències bibliogràfiques |
| 600 17 - PUNTO DE ACCESO ADICIONAL DE MATERIA - NOMBRE DE PERSONA |
| Nombre de persona |
Arias-Salgado, Gabriel, |
| Fechas asociadas al nombre |
1904-1962. |
| Fuente de encabezamiento o te&ecute,rmino |
lemac |
| 650 07 - PUNTO DE ACCESO ADICIONAL DE MATERIA - TÉRMINO DE MATERIA |
| Término de materia o nombre geográfico como elemento inicial |
Govern i premsa |
| Fuente del encabezamiento o término |
lemac |
| 773 1# - ENLACE AL DOCUMENTO FUENTE |
| Título |
Estudios franciscanos |
| Parte(s) relacionada(s) |
66 (1965), p. [197]-250 |
| 907 ## - ELEMENTO G DATOS LOCALES, GDL (RLIN) |
| a |
.b12620488 |
| b |
30-04-21 |
| c |
07-05-08 |
| d |
16-12-94 |
| e |
m |
| f |
a |
| g |
- |
| h |
spa |
| i |
spc |
| j |
3 |
| k |
2 |
| 908 ## - CONTROL DE PARÁMETROS (RLIN) |
| Parametro de comando lanzado |
BC |
| -- |
UAB |
| -- |
BPEB |
| -- |
BMON |
| -- |
GEPA |
| 942 ## - ENTRADA DE ELEMENTOS AGREGADOS (KOHA) |
| Fuente de clasificaión o esquema |
|
| Koha [por defecto] tipo de item |
Fullets |